| 000 | 00621nam a2200217 a 4500 | ||
|---|---|---|---|
| 005 | 20240316063856.0 | ||
| 008 | 991125 mx 000 0 spa u | ||
| 020 | _a9706113118 | ||
| 035 | _aUPN01000033657 | ||
| 049 | _aI | ||
| 050 | 4 | _aPZ8.7 D5.38 | |
| 100 | 1 |
_aDisney, Walt, _d1901-1966 |
|
| 245 | 1 | 0 |
_aJunio / _ctr. Blanca Patricia Pardo |
| 260 |
_aMéxico : _bGrolier : _bSalvat, |
||
| 300 |
_a53 p. : _bil., col |
||
| 440 | 3 | _aUn cuento para cada día | |
| 534 |
_pTraducido de: _tStory a day : Spring |
||
| 650 | 2 |
_aCuentos de aventuras _99134 |
|
| 650 | 4 | _aLITERATURA DE ENTRETENIMIENTO | |
| 905 | _aInfantil | ||
| 999 |
_c33657 _d33657 |
||